Score 0/15 Timer 02:00
2 Plays Today
% Correct
SpongeBob SquarePants
96.6%
Orange is the New Black
96.4%
Paddington Bear
94.5%
Star Trek
93.5%
Grey's Anatomy
93.2%
Vikings
91.5%
The Vampire Diaries
89.9%
The Walking Dead
89.6%
% Correct
Spartacus
88.9%
Sherlock
85.5%
Downton Abbey
85.2%
Game of Thrones
73.9%
Breaking Bad
73.5%
Outlander
72.1%
Doctor Who
70.3%
Remove Ads.
Support Sporcle.
Get the best of Sporcle when you Go Orange. This ad-free experience offers more features, more stats, and more fun while also helping to support Sporcle. Thank you for becoming a member.

You're not logged in!

Compare scores with friends on all Sporcle quizzes.
OR
Log In

Sporcle TV

Today on Sporcle TV


Watch our educational content, quiz creation guides, and fun videos on Sporcle TV.

Show Comments

Extras

Top Quizzes Today


Score Distribution

Paid Content

Your Account Isn't Verified!

In order to create a playlist on Sporcle, you need to verify the email address you used during registration. Go to your Sporcle Settings to finish the process.

Report this User

Report this user for behavior that violates our Community Guidelines.

Details: